10 Biggest Cities in Order: Washington State - Statistics

General Stats
  • This quiz has been taken 108 times
  • The average score is 6 of 10
Answer Stats
# Answer % Correct
1 Seattle
100%
2 Spokane
92%
3 Tacoma
89%
4 Vancouver
73%
5 Bellevue
71%
6 Kent
56%
7 Everett
51%
8 Renton
33%
9 Yakima
32%
10 Federal Way
21%
No matching quizzes found
Score Distribution
Percent of People with Each Score
Percentile by Number Answered
Your Score History
You have not taken this quiz